| 000 | 00409nam a2200133Ia 4500 | ||
|---|---|---|---|
| 008 | 211119s9999||||xx |||||||||||||| ||und|| | ||
| 082 |
_a894.8123 _bKAV-V |
||
| 100 | _aKavumbayi, Narayanan | ||
| 245 | 0 | _aVanthematharam | |
| 260 |
_bPappiyon _aKozhikodu _c2003 |
||
| 300 | _a66p | ||
| 650 |
_aMalayalam Literature _vMalayalam FictionMalayalam NovelsShort StoriesEconomics _xPGR-GANDHIAN STUDIES |
||
| 942 | _cBOOK | ||
| 999 |
_c107926 _d107926 |
||